|
|
|
|
| LEADER |
00839nam a22002177a 4500 |
| 001 |
29640 |
| 003 |
BD-DhAAL |
| 005 |
20240911114542.0 |
| 008 |
150825s1987 bg ||||| |||| 00| 0 eng d |
| 040 |
|
|
|a BD-DhAAL
|c BD-DhAAL
|
| 082 |
|
|
|2 22
|a 307.1412095492
|
| 245 |
|
|
|a Annual report :
|b rural development programme (RDP).
|
| 264 |
|
|
|a Dhaka :
|b Bangladesh Rural Advancement Committee,
|c 1987.
|
| 300 |
|
|
|a 14, xv pages :
|b illustrations ;
|c 33 cm.
|
| 541 |
|
|
|e 29640
|
| 610 |
|
|
|a Bangladesh Rural Advancement Committee
|9 14065
|
| 650 |
|
|
|a Rural Development
|z Bangladesh.
|9 14066
|
| 852 |
|
|
|a Ayesha Abed Library
|c General Stacks
|
| 942 |
|
|
|2 ddc
|c BK
|
| 999 |
|
|
|c 35328
|d 35328
|
| 952 |
|
|
|0 0
|1 0
|2 ddc
|4 0
|6 307_141209549200000_ANN
|7 1
|8 RPT
|9 55530
|a BRACUL
|b BRACUL
|c BRS
|d 2015-08-25
|l 1
|m 1
|o 307.1412095492 ANN
|p 3010029640
|r 2025-12-30
|s 2025-03-23
|t 1
|w 2015-08-25
|y BK
|